| 000 | 00730nam a2200217 a 4500 | ||
|---|---|---|---|
| 999 |
_c5209 _d5209 |
||
| 001 | 5209 | ||
| 003 | BD-JhCC | ||
| 005 | 20171210173635.0 | ||
| 008 | 171210s2014 bg ||||| |||| 00| 0 ben d | ||
| 035 | _a(BD-JhCC)5209 | ||
| 040 |
_aBD-JhCC _dBD-JhCC |
||
| 041 | _aben | ||
| 082 |
_a330 _bNAT 2014 |
||
| 100 | _aনাথ, রণজিত কুমার | ||
| 245 |
_aঅর্থনীতি দ্বিতীয় পত্র : একাদশ দ্বাদশ শ্রেণি / _c রণজিত কুমার নাথ |
||
| 260 |
_aঢাকা : _bহাসান বুক হাউস, _c2014. |
||
| 300 |
_a324 p. : _c23 cm. |
||
| 650 |
_aEconomics _xStudy and Teaching |
||
| 942 |
_2ddc _cBK |
||